DJs an bekannten Songs erkennen - Statistiken

Allgemein
  • Dieses Quiz wurde 43 mal gespielt
  • Das Durchschnittsergebnis liegt bei 7 aus 22
Antwortstatistiken
Song Antwort % Korrekt
Levels Avicii
98%
Titanium David Guetta
83%
Faded Alan Walker
65%
Animals Martin Garrix
53%
Dont you worry child Swedish House Mafia
48%
Blah Blah Blah Armin van Buuren
45%
Summer Calvin Harris
45%
One more time Daftpunk
40%
More than you know Axwell / Ingrosso
38%
Lean on Major Lazer
38%
Firestone Kygo
30%
This Girl Kungs
18%
Satisfaction Benny Benassi
15%
Spaceman Hardwell
15%
Lift me up Moby
15%
Give me everything Afrojack
13%
Tutta L'Italia Gabry Ponte
10%
One day (Vandaag) Bakermat
8%
Lullaby BENNETT
5%
Raise your weapon Deadmau5
5%
QUE CE SOIT CLAIR Paul Kalkbrenner
5%
All night Parov Stelar
3%
Keine übereinstimmenden Quizze gefunden
Verteilung der Resultate
Anzahl Personen mit jedem Resultat
Perzentil nach korrekt beantworteten Fragen
Ihre Resultats-Entwicklung
Sie haben dieses Quiz noch nicht gespielt